00926nam a22002537a 450000500170000001000130001702000260003003500130005603700160006904000120008508200160009710000270011324500850014026000490022527000650027430000280033950000510036765000330041865000230045170000270047494200250050199900190052695201270054520170124110002.0 aB-164300 c800.00a9788173052149 aB-164300 bCen Lib/Ret aDPLbEN a368.59bGRE aGreffe, Xavier 988489 aManaging our cultural heritage /cby Xavier Greffe; translated by Latika sahgal  aNew Delhi bAryan Books International c2001 bNew Delhi apooja apts, 4B, ansari road, darya ganj e110002 aviii, 195p. :c24cm(Hb) aIncludes bibliographical references and index  aCultural heritage z 988490 aDevelopment 98073 aSahgal, Latika 916117 2ddccENh368.59mGRE c125964d125964 00104070aLbLd2015-06-24eCen Lib/Retg800.00l0o368.59 GREpB-164300r2015-06-24 00:00:00t1v800.00w2015-06-24yEN